<?xml version="1.0" encoding="UTF-8"?>
<record
    xmlns:xsi="http://www.w3.org/2001/XMLSchema-instance"
    xsi:schemaLocation="http://www.loc.gov/MARC21/slim http://www.loc.gov/standards/marcxml/schema/MARC21slim.xsd"
    xmlns="http://www.loc.gov/MARC21/slim">

  <leader>03498nab a2200325 i 4500</leader>
  <controlfield tag="003">BR-BrBNA</controlfield>
  <controlfield tag="005">20241128095610.0</controlfield>
  <controlfield tag="008">241128b2022    bl.ar|pooa||| 00| 0 eng |</controlfield>
  <datafield tag="040" ind1=" " ind2=" ">
    <subfield code="a">BR-BrBNA</subfield>
    <subfield code="b">eng</subfield>
  </datafield>
  <datafield tag="072" ind1=" " ind2=" ">
    <subfield code="a">F30</subfield>
    <subfield code="b">1410</subfield>
  </datafield>
  <datafield tag="072" ind1=" " ind2=" ">
    <subfield code="a">H20</subfield>
  </datafield>
  <datafield tag="100" ind1=" " ind2=" ">
    <subfield code="a">Pedroza-Padilla, Marlene Carolina </subfield>
  </datafield>
  <datafield tag="100" ind1=" " ind2=" ">
    <subfield code="a">Rodr&#xED;guez-Ar&#xE9;valo, Kevin Alejandro </subfield>
  </datafield>
  <datafield tag="100" ind1=" " ind2=" ">
    <subfield code="a">Rinc&#xF3;n-Rivera, Linda Jeimmy </subfield>
  </datafield>
  <datafield tag="100" ind1=" " ind2=" ">
    <subfield code="a">Gonz&#xE1;lez-Almario, Adriana </subfield>
  </datafield>
  <datafield tag="245" ind1=" " ind2=" ">
    <subfield code="a">Co-52  resistance allele contributes to induce basal defense against Colletotrichum lindemuthianum race 7</subfield>
  </datafield>
  <datafield tag="500" ind1=" " ind2=" ">
    <subfield code="a">Publica&#xE7;&#xE3;o online; 31 ref.; 5 illus.; Summaries (En, Pt)</subfield>
  </datafield>
  <datafield tag="520" ind1=" " ind2=" ">
    <subfield code="a">

ABSTRACT - The role of the Co-52 and Co-42  alleles in the early activation of bean immunity against Colletotrichum lindemuthianum is poorly known. Thus, by using the anthracnose-susceptible Sutagao cultivar and the anthracnoseresistant bean G2333, this study aimed to evaluate the presence of the Co-42  and Co-52  alleles by SCAR markers, as well as their role in the respective defense responses, using histochemical tests and differential gene expression. The results showed that the Co-52 allele contributes to defense responses against anthracnose, since susceptible beans with the Co-42 allele and without the Co-52 allele decreased both the number of callose deposits and the accumulation of reactive oxygen species at the fungus attack sites. Additionally, for the Sutagao cultivar, there was a late response of defense-related genes such as PR-1, PR-3 and Pv-POD. The Co-52 allele contributes to induce defense mechanisms in the Phaseolus vulgaris and C. lindemuthianum interaction.


KEYWORDS: Phaseolus vulgaris L., anthracnose, callose deposits, plant defense.</subfield>
  </datafield>
  <datafield tag="520" ind1=" " ind2=" ">
    <subfield code="a">

RESUMO - Alelo de resist&#xEA;ncia Co-52  contribui para induzir a defesa basal contra Colletotrichum lindemuthianum ra&#xE7;a 7 -  Em feijoeiro, pouco se conhece sobre o papel dos alelos Co-52 e Co-42  na ativa&#xE7;&#xE3;o precoce da imunidade da planta ao fungo Colletotrichum lindemuthianum. Utilizando-se a cultivar Sutagao suscet&#xED;vel &#xE0; antracnose e o feijoeiro G2333 resistente &#xE0; antracnose, objetivou-se avaliar a presen&#xE7;a dos alelos Co-42  e Co-52  por meio de marcadores SCAR, bem como sua fun&#xE7;&#xE3;o nas respectivas respostas de defesa, por meio de testes histoqu&#xED;micos e express&#xE3;o g&#xEA;nica diferencial. Os resultados mostraram que o alelo Co-52 contribui para as respostas de defesa contra a antracnose, uma vez que os feijoeiros suscet&#xED;veis com o alelo Co-42 e sem o alelo Co-52 diminu&#xED;ram tanto a quantidade de dep&#xF3;sitos de calose quanto o ac&#xFA;mulo de esp&#xE9;cies reativas de oxig&#xEA;nio nos locais de ataque do fungo. Ademais, para a cultivar Sutagao, houve resposta tardia de genes relacionados &#xE0; defesa, como PR-1, PR-3 e Pv-POD. O alelo Co-52 contribui para induzir mecanismos de defesa na intera&#xE7;&#xE3;o entre Phaseolus vulgaris e C. lindemuthianum.


PALAVRAS-CHAVE: Phaseolus vulgaris L., antracnose, dep&#xF3;sitos de calose, defesa vegetal.</subfield>
  </datafield>
  <datafield tag="650" ind1=" " ind2=" ">
    <subfield code="a">FEIJ&#xC3;O</subfield>
  </datafield>
  <datafield tag="650" ind1=" " ind2=" ">
    <subfield code="a">ANTRACNOSE</subfield>
  </datafield>
  <datafield tag="650" ind1=" " ind2=" ">
    <subfield code="a">DOEN&#xC7;A F&#xDA;NGICA</subfield>
  </datafield>
  <datafield tag="650" ind1=" " ind2=" ">
    <subfield code="a">MARCADOR MOLECULAR</subfield>
  </datafield>
  <datafield tag="650" ind1=" " ind2=" ">
    <subfield code="a">VARIEDADE RESISTENTE</subfield>
  </datafield>
  <datafield tag="650" ind1=" " ind2=" ">
    <subfield code="a">DEFESA VEGETAL</subfield>
  </datafield>
  <datafield tag="773" ind1="0" ind2=" ">
    <subfield code="0">3248</subfield>
    <subfield code="9">317348</subfield>
    <subfield code="d">Goi&#xE2;nia-GO UFG. Escola de Agronomia 1999</subfield>
    <subfield code="o">2024-4000</subfield>
    <subfield code="t">Pesquisa Agropecu&#xE1;ria Tropical (Brazil)</subfield>
    <subfield code="x">1517-6398</subfield>
    <subfield code="g">v. 52 p. 1-9; (2022)</subfield>
    <subfield code="w">BR2024003630</subfield>
  </datafield>
  <datafield tag="856" ind1=" " ind2=" ">
    <subfield code="u">https://www.scielo.br/j/pat/a/kcrGJXNGRnfTFPNNJ736J7S/?format=pdf&amp;lang=en</subfield>
  </datafield>
  <datafield tag="942" ind1=" " ind2=" ">
    <subfield code="c">ANA</subfield>
  </datafield>
  <datafield tag="999" ind1=" " ind2=" ">
    <subfield code="c">328896</subfield>
    <subfield code="d">328896</subfield>
  </datafield>
</record>
